[Event "AUTO-MASTER-3140"]
[Site "http://www.queenalice.com/game.php?id=1801336"]
[Date "2022.12.5"]
[Round "1"]
[White "cerenzo72"]
[Black "BankerRasmus"]
[Result "1-0"]
[WhiteElo "2149"]
[BlackElo "1992"]

1. e4 e5 2. Nf3 Nc6 3. Bb5 Nf6 4. Nc3 Nd4 5. Nxd4 exd4 6. e5 dxc3 7. exf6 Qxf6
8. dxc3 Bc5 9. O-O c6 10. Re1+ Be7 11. Bd3 b6 12. Qe2 d6 13. b4 Be6 14. Bb2 d5
15. Rab1 g6 16. c4 d4 17. Qe4 Rc8 18. Bxd4 Qg5 19. Bxh8 Bf5 20. Qe3 Qxe3 21.
Rxe3 c5 22. Bxf5 gxf5 23. Bf6 Rc7 24. Rbe1 1-0

[Event "AUTO-MASTER-3140"]
[Site "http://www.queenalice.com/game.php?id=1801337"]
[Date "2022.12.5"]
[Round "1"]
[White "BankerRasmus"]
[Black "Canaye"]
[Result "1/2-1/2"]
[WhiteElo "2067"]
[BlackElo "1901"]

1. e4 e6 2. d4 d5 3. Nc3 dxe4 4. Nxe4 Nd7 5. Bg5 Ngf6 6. Bb5 Be7 7. Nf3 c6 8.
Bd3 Nxe4 9. Bxe7 Nxf2 10. Bxd8 Nxd1 11. Rxd1 Kxd8 12. Ng5 Ke7 13. O-O Nf6 14.
Rde1 h6 15. Ne4 Nxe4 16. Rxe4 Rd8 17. c4 Kf8 18. Ref4 f6 19. Bg6 b6 20. b4 Ke7
21. R1f3 a5 22. Ra3 a4 23. Rg4 e5 24. Rgg3 exd4 25. Be4 g5 26. Bxc6 Ra7 27. Rxa4
Rxa4 28. Bxa4 d3 29. Re3+ Kf7 30. Re1 d2 31. Ra1 Bg4 32. Bd1 Bf5 33. Bb3 Re8 34.
c5+ Kg7 35. Kf2 bxc5 36. bxc5 Bd3 37. c6 Re2+ 38. Kg3 Re1 39. Rd1 Re3+ 40. Kf2
Re2+ 41. Kg3 1/2-1/2

[Event "AUTO-MASTER-3140"]
[Site "http://www.queenalice.com/game.php?id=1801338"]
[Date "2022.12.5"]
[Round "1"]
[White "Canaye"]
[Black "BankerRasmus"]
[Result "1-0"]
[WhiteElo "1906"]
[BlackElo "2060"]

1. d4 d5 2. c4 e6 3. Nc3 Bb4 4. c5 Nf6 5. Qc2 Ne4 6. a3 Bxc3+ 7. bxc3 b6 8. e3
bxc5 9. Nf3 cxd4 10. Nxd4 e5 11. Bd3 Nf6 12. Nf5 e4 13. Nxg7+ Kf8 14. Be2 Kxg7
15. O-O Rg8 16. f3 Kf8 17. fxe4 dxe4 18. Bb2 Qd5 19. c4 Qg5 20. Rf2 Bh3 21. Bxf6
Qxe3 22. Bf1 Nd7 23. Bh4 Ne5 24. Bg3 Rxg3 25. hxg3 Qxg3 26. Qxe4 Be6 27. Qxa8+
Kg7 28. Qe4 Ng4 29. Qf4 Qh4 30. Rf3 Qe7 31. Rd1 Qc5+ 32. Qd4+ Qe5 33. Qxe5+ Nxe5
34. Rg3+ Kf8 35. c5 a5 36. Bb5 c6 37. Ba4 Ke7 38. Re3 f6 39. Rxe5 fxe5 40. Bxc6
Bf5 41. Bb5 e4 42. Kf2 Kf6 43. Ke3 Ke5 44. c6 Bc8 45. c7 h6 46. Rd8 Bb7 47. c8=Q
Bxc8 48. Rxc8 1-0

[Event "AUTO-MASTER-3140"]
[Site "http://www.queenalice.com/game.php?id=1801339"]
[Date "2022.12.5"]
[Round "1"]
[White "BankerRasmus"]
[Black "Jailt0nMendes"]
[Result "1-0"]
[WhiteElo "1964"]
[BlackElo "2177"]

1. e4 c5 2. Nf3 d6 3. Bc4 e6 4. d4 cxd4 5. Qxd4 Nc6 6. Qe3 Nf6 7. Nc3 Be7 8. Ng5
O-O 9. O-O d5 10. exd5 exd5 11. Rd1 d4 12. Qg3 Bd6 13. Qh4 dxc3 14. Bf4 cxb2 15.
Rab1 h6 16. Nf3 g5 17. Nxg5 hxg5 18. Bxg5 Bxh2+ 19. Kh1 Qxd1+ 20. Rxd1 Nh7 21.
Bd3 f5 22. Bc4+ Kg7 23. Qh6+ Kh8 24. Bf6+ Rxf6 25. Qxh2 Kg7 26. Qg3+ 1-0

[Event "AUTO-MASTER-3140"]
[Site "http://www.queenalice.com/game.php?id=1801340"]
[Date "2022.12.5"]
[Round "1"]
[White "Jailt0nMendes"]
[Black "BankerRasmus"]
[Result "1-0"]
[WhiteElo "2106"]
[BlackElo "2010"]

1. e4 e5 2. Nf3 Nc6 3. Bb5 Nf6 4. O-O Bd6 5. Re1 O-O 6. d4 exd4 7. Nxd4 Bc5 8.
Nxc6 bxc6 9. Bc4 d5 10. e5 Bxf2+ 11. Kxf2 Ng4+ 12. Kg3 dxc4 13. Qf3 Nxh2 14. Qh5
Ng4 15. Nc3 g6 16. Qh1 h5 17. Bf4 h4+ 18. Qxh4 Be6 19. Bg5 Qd4 20. Ne4 Qxe5+ 21.
Bf4 Qg7 22. Rh1 f5 23. Ng5 Bd5 24. Rae1 Rfe8 25. Nf3 Nf6 26. Be5 g5 27. Qxg5
Ne4+ 28. Rxe4 Qxg5+ 29. Nxg5 Rxe5 30. Rxe5 Kg7 31. Rxf5 Kg6 32. Rhf1 Re8 33.
Rf6+ Kg7 34. R6f2 Re5 35. Rf5 1-0

[Event "AUTO-OPEN-4406"]
[Site "http://www.queenalice.com/game.php?id=1814774"]
[Date "2023.6.24"]
[Round "2"]
[White "BankerRasmus"]
[Black "jogador58"]
[Result "0-1"]
[WhiteElo "1932"]
[BlackElo "2211"]

1. e4 e5 2. Nf3 Nc6 3. c3 Nf6 4. Bd3 a5 5. a4 Bc5 6. Bc4 Nxe4 7. O-O d5 8. Bb3
Bg4 9. d3 Nf6 10. h3 Bh5 11. g4 Bg6 12. Nxe5 Nxe5 13. d4 Nd3 14. dxc5 O-O 15.
Bc2 Nxc1 16. Bxg6 hxg6 17. Qxc1 Ne4 18. b4 Qh4 19. Qe3 Rfe8 20. Ra2 Ng5 21. Qg3
Qxh3 22. Qxh3 Nxh3+ 23. Kh2 Ng5 24. f4 Ne4 25. Rf3 axb4 26. cxb4 c6 27. Kg1 f6
28. Re2 g5 29. fxg5 Nxg5 30. Rxe8+ Rxe8 31. Rb3 Re4 32. a5 Rxg4+ 33. Kh2 Ne4 34.
Rb2 Kf7 35. a6 bxa6 36. Ra2 Ng5 37. Rb2 f5 38. Na3 Kf6 39. Nc2 Re4 40. Kg3 d4
41. Rb3 Ke5 42. Kf2 Ne6 43. Na3 Kd5 44. Rb1 g5 45. Nc2 g4 46. Ra1 f4 47. Ne1 Re3
48. Rxa6 d3 49. Ra2 Kc4 50. Ng2 Rf3+ 51. Ke1 Kxb4 52. Nh4 Re3+ 53. Kd2 Re2+ 0-1

[Event "10"]
[Site "http://www.queenalice.com/game.php?id=1820367"]
[Date "2023.9.9"]
[Round "-"]
[White "zubarev"]
[Black "BankerRasmus"]
[Result "1-0"]
[WhiteElo "1808"]
[BlackElo "1956"]

1. e4 e5 2. Nf3 Nc6 3. Bc4 Nf6 4. Nc3 Bc5 5. d3 O-O 6. O-O h6 7. Nd5 d6 8. Be3
Bg4 9. h3 Bh5 10. Nc3 a6 11. Nd5 Bd4 12. c3 Bxe3 13. fxe3 b5 14. Nxf6+ gxf6 15.
Bd5 Qd7 16. Qe1 Kh7 17. Qh4 Bxf3 18. Rxf3 Rae8 19. Rxf6 Ne7 20. Rxh6+ Kg7 21.
Rh7+ Kg6 22. Qh6# 1-0

[Event "Let's Play Chess!"]
[Site "http://www.queenalice.com/game.php?id=1820387"]
[Date "2023.9.9"]
[Round "-"]
[White "BankerRasmus"]
[Black "igor12345"]
[Result "1-0"]
[WhiteElo "1945"]
[BlackElo "1918"]

1. e4 c5 2. Nf3 d6 3. Bc4 Nc6 4. c3 Nf6 5. Ng5 e6 6. d3 h6 7. f4 hxg5 8. fxg5
Nd7 9. g6 Nde5 10. gxf7+ Nxf7 11. d4 Bd7 12. O-O Qe7 13. d5 e5 14. dxc6 Bxc6 15.
Bxf7+ Kd7 16. Qg4+ Kc7 17. Bg5 1-0

[Event "Let's Play Chess!"]
[Site "http://www.queenalice.com/game.php?id=1820551"]
[Date "2023.9.9"]
[Round "-"]
[White "BankerRasmus"]
[Black "Capixabba789"]
[Result "1-0"]
[WhiteElo "1995"]
[BlackElo "1880"]

1. e4 d6 2. d4 Nf6 3. Nc3 Bg4 4. f3 Bh5 5. g4 Bg6 6. Bd3 h6 7. g5 hxg5 8. Bxg5
Nh5 9. f4 Ng3 10. f5 Bh5 11. hxg3 Bxd1 12. Rxh8 Bg4 13. Rh4 Bxf5 14. exf5 Nc6
15. O-O-O Qd7 16. d5 Ne5 17. Bb5 c6 18. dxc6 bxc6 19. Ba6 Qc7 20. Rh8 Qb6 21.
Be2 O-O-O 22. Nf3 f6 23. Bf4 g5 24. Na4 Qf2 25. Rh2 Qxh2 26. Nxh2 gxf4 27. gxf4
Nd7 28. Ba6+ Kb8 29. Ng4 Kc7 30. b4 Nb6 31. Nc3 Rb8 32. Rd4 Bg7 33. b5 c5 34.
Re4 Re8 35. Re6 d5 36. Rc6+ 1-0

[Event "Let's Play Chess!"]
[Site "http://www.queenalice.com/game.php?id=1820554"]
[Date "2023.9.9"]
[Round "-"]
[White "BankerRasmus"]
[Black "Charles56"]
[Result "1-0"]
[WhiteElo "1993"]
[BlackElo "1585"]

1. e4 e5 2. Nf3 d6 3. Bc4 h6 4. c3 a6 5. d4 exd4 6. Bxf7+ Kxf7 7. Qb3+ d5 8.
Ne5+ Ke6 9. Bf4 Bc5 10. c4 c6 11. Qh3+ Kf6 12. Qh5 Bb4+ 13. Nd2 dxe4 14. Qf7#
1-0

[Event "Challenge"]
[Site "http://www.queenalice.com/game.php?id=1820758"]
[Date "2023.9.14"]
[Round "-"]
[White "BankerRasmus"]
[Black "Capixabba789"]
[Result "1-0"]
[WhiteElo "2009"]
[BlackElo "1883"]

1. e4 e5 2. Nf3 d6 3. Bc4 Be7 4. d4 exd4 5. Qxd4 Nf6 6. Bxf7+ Kxf7 7. Ng5+ Kf8
8. Nc3 h6 9. Nf3 Nc6 10. Qc4 Ne5 11. Qe2 Bg4 12. Rg1 c6 13. h3 Bh5 14. g4 Bf7
15. b3 b5 16. Ba3 a5 17. Bb2 b4 18. Na4 Nxf3+ 19. Qxf3 Qd7 20. Nb6 Qa7 21. Nxa8
Qxa8 22. g5 hxg5 23. Rxg5 c5 24. a4 Qc8 25. Rg3 Qe6 26. O-O-O Ke8 27. e5 Bh5 28.
Qa8+ 1-0

[Event "Let's Play Chess!"]
[Site "http://www.queenalice.com/game.php?id=1820759"]
[Date "2023.9.14"]
[Round "-"]
[White "BankerRasmus"]
[Black "igor12345"]
[Result "0-1"]
[WhiteElo "1960"]
[BlackElo "1899"]

1. e4 c5 2. Nf3 d6 3. Bc4 Nf6 4. Nc3 Bg4 5. d4 Bxf3 6. Bb5+ Nbd7 7. gxf3 a6 8.
Bc4 b5 9. Be2 b4 10. Nd5 e6 11. e5 Nxd5 12. a3 a5 13. Bd2 dxe5 14. c4 Nf4 15.
Bxf4 exf4 16. d5 Nf6 17. dxe6 fxe6 0-1

[Event "Challenge"]
[Site "http://www.queenalice.com/game.php?id=1820881"]
[Date "2023.9.15"]
[Round "-"]
[White "BankerRasmus"]
[Black "Scar"]
[Result "0-1"]
[WhiteElo "2000"]
[BlackElo "1784"]

1. e4 e5 2. Nf3 d6 3. Bc4 h6 4. c3 Qe7 5. O-O Be6 6. Qb3 b6 7. d4 Nd7 8. d5 Bg4
9. Ne1 Bh5 10. Nd3 g5 11. Nb4 Qf6 12. Qa4 Be7 13. Qa6 Kf8 14. Nc6 Kg7 15. Qb7
Rf8 16. b4 Bg6 17. Nd2 h5 18. Nf3 Bxe4 19. Bxg5 Qf5 20. Bxe7 Nxe7 21. Nxe7 Qg4
22. Be2 Bxf3 23. Bxf3 Qg5 24. Nc6 Ra8 25. Qxc7 Nf6 26. Nxa7 e4 27. Bd1 Nxd5 28.
Bb3 Nxc7 29. f4 Qe7 30. Nc6 Qd7 31. Nd4 f5 32. a4 d5 33. h3 Rag8 34. b5 h4 35.
Rfc1 Kf6 36. c4 Rg3 37. cxd5 Nxd5 38. Rc6+ Kg7 39. Ne6+ Kg8 40. Rac1 Kh7 41. a5
Rxb3 42. Ng5+ Kg7 43. Ne6+ Kf7 44. Ng5+ Ke7 45. Re6+ Qxe6 46. Nxe6 Kxe6 0-1

[Event "Challenge"]
[Site "http://www.queenalice.com/game.php?id=1820882"]
[Date "2023.9.15"]
[Round "-"]
[White "BankerRasmus"]
[Black "wdcarver"]
[Result "0-1"]
[WhiteElo "1942"]
[BlackElo "2093"]

1. e4 e5 2. Nf3 Nc6 3. d4 d6 4. Bc4 h6 5. dxe5 Bg4 6. Qd3 Bxf3 7. Bxf7+ Kxf7 8.
Qxf3+ Ke8 9. Qh5+ Kd7 10. Qh3+ Ke8 11. Qh5+ Kd7 12. exd6 cxd6 13. O-O Nf6 14.
Qb5 Kc7 15. Nc3 Rc8 16. Be3 Kb8 17. Qa4 Qa5 18. Qxa5 Nxa5 19. f3 Nc4 20. Bd4 Nd7
21. b3 Nce5 22. f4 Ng4 23. h3 Ne3 24. Rf2 Rg8 25. Rf3 Nxc2 26. Rd1 Nxd4 27. Rxd4
Nb6 0-1

[Event "Challenge"]
[Site "http://www.queenalice.com/game.php?id=1820883"]
[Date "2023.9.15"]
[Round "-"]
[White "BankerRasmus"]
[Black "Diogolopes"]
[Result "1-0"]
[WhiteElo "1975"]
[BlackElo "1684"]

1. e4 e5 2. Nf3 d6 3. Bc4 Qe7 4. c3 c6 5. a4 Nf6 6. d3 h6 7. O-O g5 8. d4 Qc7 9.
Re1 a6 10. b4 Be7 11. Qb3 d5 12. exd5 cxd5 13. Bxd5 Nxd5 14. Qxd5 Be6 15. Qxe5
Qxe5 16. Nxe5 O-O 17. c4 Bxb4 18. Rd1 Nd7 19. Nd3 Be7 20. Nd2 Bf6 21. Rb1 b6 22.
d5 Bf5 23. Rb3 Rfe8 24. Ba3 Bg4 25. Re1 Rxe1+ 26. Nxe1 Re8 27. Rb1 Bc3 28. Ndf3
Bxf3 29. Nxf3 f6 30. Rc1 Ba5 31. g3 g4 32. Nd4 Ne5 33. c5 bxc5 34. Bxc5 Rc8 35.
Nb3 Nd3 36. Rc4 Be1 37. Rxg4+ Kh7 38. Bd4 Rc4 39. h3 Rxa4 40. d6 Rb4 41. d7 Rb8
42. Bxf6 Bxf2+ 43. Kh1 h5 44. Rg7+ Kh6 45. Re7 Bb6 46. Re6 Bc7 47. Be5+ Kg5 48.
Bxc7 Rxb3 49. d8=Q+ Kf5 50. Qf6# 1-0

[Event "Challenge"]
[Site "http://www.queenalice.com/game.php?id=1821111"]
[Date "2023.9.19"]
[Round "-"]
[White "Capixabba789"]
[Black "BankerRasmus"]
[Result "1-0"]
[WhiteElo "1917"]
[BlackElo "2020"]

1. e4 e5 2. f4 Nc6 3. Nf3 d6 4. Bc4 h6 5. O-O Nf6 6. d3 exf4 7. Bxf4 g5 8. Bg3
Bg4 9. Bxf7+ Ke7 10. Bg6 Nd4 11. Nbd2 Rg8 12. Bf5 Bxf5 13. exf5 Nxf5 14. Bf2 c5
15. Ne4 Nd5 16. Qe1 Kd7 17. Nxc5+ dxc5 18. Qe4 Kd6 19. Qxf5 Qf6 20. Qh7 Rg7 21.
Qe4 g4 22. Nd2 Qg5 23. Nc4+ Kc6 24. Qe6+ Kc7 25. Bg3+ 1-0

[Event "Challenge"]
[Site "http://www.queenalice.com/game.php?id=1821473"]
[Date "2023.9.23"]
[Round "-"]
[White "donniedarko"]
[Black "BankerRasmus"]
[Result "1-0"]
[WhiteElo "2148"]
[BlackElo "1956"]

1. e4 e5 2. Nf3 Nc6 3. Bb5 Nf6 4. O-O Bc5 5. Nxe5 Bxf2+ 6. Rxf2 Nxe5 7. Nc3 c6
8. Be2 O-O 9. d4 Ng6 10. Bg5 Qa5 11. Bxf6 gxf6 12. Rxf6 Nh4 13. Rf4 Qg5 14. Rg4
1-0